La evolución mística en el desenvolvimiento y vitalidad de la Iglesia /

Guardat en:
Dades bibliogràfiques
Autor principal: Arintero, Juan G. (autor)
Format: Llibre
Idioma:espanyol
Col·lecció:(Biblioteca de Autores Cristianos ; Ascética y Mística) 91.
Matèries:
Etiquetes: Afegir etiqueta
Sense etiquetes, Sigues el primer a etiquetar aquest registre!

MARC

LEADER 00000nam^a2200000^a^4500
001 000392516
005 20250521000000.0
009 20260310121242.765
037 |a Acervo Xavier Clavigero 
041 |a ESP 
082 |a 200.  |b BAC V. 91 
100 |a Arintero, Juan G.  |e (autor) 
245 1 3 |a La evolución mística en el desenvolvimiento y vitalidad de la Iglesia /  |c J.G. Arintero ; introd. de Sabino M. Lozano. 
264 |a Madrid, España :  |b Editorial Católica,  |c 1952 
300 |a LXII, 804 p. 
336 |a texto  |b txt  |2 rdacontenido 
337 |a sin mediación  |b n  |2 rdamedio 
338 |a volumen  |b nc  |2 rdasoporte 
440 1 |a (Biblioteca de Autores Cristianos ;  |v 91.  |p Ascética y Mística) 
649 |a XX 
650 |a Iglesia Católica 
650 |a Vida Espiritual 
650 |a Gracia (Teología) 
650 |a Misticismo -  |x Tema Principal 
650 |a Ascetismo 
650 |a Espiritualidad 
650 |a Teología Doctrinal 
650 |a Catolicismo 
650 |a Cristianismo 
650 |a Religión 
910 |a Fondo General 
920 |a Impresos - Libros 
930 |a Colección General 
905 |a 101 
901 |a 046051  |b IT1  |c ACC  |u 20250521 
901 |a 046378  |b IT1  |c ACC  |u 20250521 
902 |a https://opac.biblio.iteso.mx/vufind/Record/000392516